000 01099nam a2200301 c 4500
003 BLK
005 20180422103024.0
008 180408b bul|||||r ||||||| ||bul||
010 _aKNG00073254000
020 _a978-954-733-505-9
_bиздат.: Прозорец
040 _aBLK
041 _aBUL
_cBUL
080 _aАнглийска литература
_b821.111
_x-312.4
_z821.111-312.4
100 1 _aКлевърли, Барбара
_eпърви автор
_979623
700 1 _aТалев, Павел Димитров
_eпрев. от англ.
_9367880
139 _aКлевърли, Барбара
_bК 63
245 1 0 _aЦелувката на пчелата
_cБарбара Клевърли; прев. от англ. Павел Димитров Талев.
257 _aGBR
260 София
_bПрозорец
_c2007
300 _a326 с.
_c20 см
380 _aX
500 _aОриг. загл. The Bee's Kiss / Barbara Cleverly
852 _aЦб 232567
856 4 _qpdf
_u
856 4 _qpdf
_u
942 _cKNG
_n0
944 _aCR
_c21.03.2007
_kМилена_Ачева
944 _aED
_c08.12.2008
_k
999 _c68915
_d68915